|
|
|
|
| LEADER |
00000nam0a2200000 4500 |
| 001 |
301259 |
| 005 |
20231102001402.0 |
| 010 |
|
|
|a 9785991660334
|
| 035 |
|
|
|a (RuTPU)RU\TPU\book\326431
|
| 090 |
|
|
|a 301259
|
| 100 |
|
|
|a 20150728d2016 m y0rusy50 ca
|
| 101 |
0 |
|
|a rus
|
| 102 |
|
|
|a RU
|
| 105 |
|
|
|a a j 001zy
|
| 200 |
1 |
|
|a Методы и модели принятия управленческих решений
|e учебник и практикум для академического бакалавриата
|f А. А. Рубчинский
|g Высшая школа экономики (ВШЭ), Национальный исследовательский университет (НИУ) ; Международный университет природы, общества и человека "Дубна"
|
| 210 |
|
|
|a Москва
|c Юрайт
|d 2016
|
| 215 |
|
|
|a 526 с.
|c ил.
|
| 225 |
1 |
|
|a Бакалавр. Академический курс
|
| 320 |
|
|
|a Библиогр.: с. 519-520.
|
| 320 |
|
|
|a Предметный указатель: с. 523-526.
|
| 330 |
|
|
|a Изложены основные методы и модели принятия управленческих решений как в условиях определенности, так и при различных видах неопределенности: входа, связанной с взаимодействием людей и организаций, преследующих различные цели; управляемой системы, определяемой характером ее функционирования в сложной и нестабильной внешней среде; цели, связанной с наличием нескольких критериев оценки реакции системы на управляющие воздействия или с отсутствием формальных критериев такой оценки. Учебник содержит большое количество учебных задач, а также значительное число прикладных примеров и реальных кейсов, многие из которых связаны с проектами, выполненными при активном участии автора.Соответствует актуальным требованиям Федерального государственного образовательного стандарта высшего образования.Для студентов бакалавриата и магистратуры, обучающихся по экономико-управленческим направлениям и специальностям, а также (особенно в связи с прикладными аспектами) для студентов, обучающихся по специальности «Прикладная математика и информатика».
|
| 606 |
1 |
|
|a Управленческие решения
|x Принятие
|2 stltpush
|3 (RuTPU)RU\TPU\subj\37173
|9 58293
|
| 610 |
1 |
|
|a методы
|
| 610 |
1 |
|
|a модели
|
| 610 |
1 |
|
|a теория графов
|
| 610 |
1 |
|
|a оптимизация
|
| 610 |
1 |
|
|a практикумы
|
| 610 |
1 |
|
|a многошаговые процессы
|
| 610 |
1 |
|
|a линейное программирование
|
| 610 |
1 |
|
|a риск
|
| 610 |
1 |
|
|a теория игр
|
| 610 |
1 |
|
|a коллективное взаимодействие
|
| 610 |
1 |
|
|a цепи Маркова
|
| 610 |
1 |
|
|a системы массового обслуживания
|
| 610 |
1 |
|
|a имитационное моделирование
|
| 610 |
1 |
|
|a бинарные отношения
|
| 610 |
1 |
|
|a коллективные решения
|
| 610 |
1 |
|
|a функции
|
| 610 |
1 |
|
|a выбор
|
| 610 |
1 |
|
|a многокритериальность
|
| 610 |
1 |
|
|a неудачные проекты
|
| 610 |
1 |
|
|a практикумы
|
| 610 |
1 |
|
|a учебники
|
| 686 |
|
|
|a У9(2)212.8я73
|v LBC/SL-A
|2 rubbk
|
| 700 |
|
1 |
|a Рубчинский
|b А. А.
|g Александр Анатольевич
|
| 712 |
0 |
2 |
|a Высшая школа экономики (ВШЭ)
|b Национальный исследовательский университет (НИУ)
|c (Москва)
|c (2010- )
|2 stltpush
|3 (RuTPU)RU\TPU\col\17951
|
| 712 |
0 |
2 |
|a Международный университет природы, общества и человека "Дубна"
|c (Дубна)
|2 stltpush
|3 (RuTPU)RU\TPU\col\949
|9 23497
|
| 801 |
|
1 |
|a RU
|b 63413507
|c 20150728
|
| 801 |
|
2 |
|a RU
|b 63413507
|c 20151002
|g RCR
|
| 900 |
|
|
|a Методы принятия управленческих решений
|
| 942 |
|
|
|c BK
|
| 951 |
|
|
|l 8.1
|
| 959 |
|
|
|a 80/20150602
|d 3
|e 919,00
|f ЧЗГЛ:1
|f УФ:2
|